<?xml version="1.0" encoding="UTF-8"?><?xml-stylesheet type="text/xsl" href="static/style.xsl"?><OAI-PMH xmlns="http://www.openarchives.org/OAI/2.0/" xmlns:xsi="http://www.w3.org/2001/XMLSchema-instance" xsi:schemaLocation="http://www.openarchives.org/OAI/2.0/ http://www.openarchives.org/OAI/2.0/OAI-PMH.xsd"><responseDate>2026-04-26T21:56:56Z</responseDate><request verb="GetRecord" identifier="oai:uvadoc.uva.es:10324/30856" metadataPrefix="marc">https://uvadoc.uva.es/oai/request</request><GetRecord><record><header><identifier>oai:uvadoc.uva.es:10324/30856</identifier><datestamp>2022-08-24T08:38:06Z</datestamp><setSpec>com_10324_38</setSpec><setSpec>col_10324_787</setSpec></header><metadata><record xmlns="http://www.loc.gov/MARC21/slim" xmlns:doc="http://www.lyncode.com/xoai" xmlns:xsi="http://www.w3.org/2001/XMLSchema-instance" xmlns:dcterms="http://purl.org/dc/terms/" xsi:schemaLocation="http://www.loc.gov/MARC21/slim http://www.loc.gov/standards/marcxml/schema/MARC21slim.xsd">
<leader>00925njm 22002777a 4500</leader>
<datafield tag="042" ind1=" " ind2=" ">
<subfield code="a">dc</subfield>
</datafield>
<datafield tag="720" ind1=" " ind2=" ">
<subfield code="a">Morán González, Nerea</subfield>
<subfield code="e">author</subfield>
</datafield>
<datafield tag="260" ind1=" " ind2=" ">
<subfield code="c">2018</subfield>
</datafield>
<datafield tag="520" ind1=" " ind2=" ">
<subfield code="a">Este proyecto tiene su origen en la necesidad de automatizar y poner en marcha un&#xd;
banco de ensayos que simula una plataforma de microgeneración eléctrica ubicada&#xd;
en el tercer edificio de la Fundación Cartif.&#xd;
Se dispone de una bancada con acoplamiento directo, en la que ya se había&#xd;
trabajado, y una bancada con acoplamiento óleo-hidráulico, que nunca se había&#xd;
puesto en funcionamiento. La implementación consiste en hacer funcionar toda la&#xd;
instrumentación disponible correctamente, en realizar la programación y el SCADA&#xd;
necesarios y recoger datos para poder analizarlos posteriormente.&#xd;
Finalmente, se ha conseguido automatizar las dos bancadas disponibles mediante la&#xd;
realización de la programación correspondiente y el SCADA empleando el software&#xd;
característico de Allen Bradley. Además, se han registrado los datos de las variables&#xd;
necesarias para su posterior estudio</subfield>
</datafield>
<datafield tag="024" ind2=" " ind1="8">
<subfield code="a">http://uvadoc.uva.es/handle/10324/30856</subfield>
</datafield>
<datafield ind1=" " ind2=" " tag="653">
<subfield code="a">Centro de automatización, robótica, tecnología de la información y de la fabricación</subfield>
</datafield>
<datafield ind1=" " ind2=" " tag="653">
<subfield code="a">Energía eléctrica - Producción</subfield>
</datafield>
<datafield tag="245" ind1="0" ind2="0">
<subfield code="a">Plataforma de microgeneración con acoplamiento directo y acoplamiento óleo-hidráulico.</subfield>
</datafield>
</record></metadata></record></GetRecord></OAI-PMH>